ARRUPE JESUIT UNIVERSITY

CORONAVIRUS -STOP THE SPREAD - CLEAN,DISINFECT,COVER

Brief lives (Record no. 118952)

MARC details
000 -LEADER
fixed length control field 00501nam a22001457a 4500
008 - FIXED-LENGTH DATA ELEMENTS--GENERAL INFORMATION
fixed length control field 131203b xxu||||| |||| 00| 0 eng d
020 ## - INTERNATIONAL STANDARD BOOK NUMBER
International Standard Book Number 97800911936792
050 ## - LIBRARY OF CONGRESS CALL NUMBER
Classification number CT120.J65 2010
100 ## - MAIN ENTRY--PERSONAL NAME
Personal name Johnson, Paul
9 (RLIN) 4755
245 ## - TITLE STATEMENT
Title Brief lives
260 ## - PUBLICATION, DISTRIBUTION, ETC. (IMPRINT)
Place of publication, distribution, etc London
Name of publisher, distributor, etc Hutchinson
Date of publication, distribution, etc 2010
300 ## - PHYSICAL DESCRIPTION
Extent 296p.
Dimensions 23cm
650 ## - SUBJECT ADDED ENTRY--TOPICAL TERM
Topical term or geographic name as entry element Johnson, Paul - Friends & associates - Anecdotes; Biography - 20th century - Anecdotes; History - Modern - 1945-1989; History - Modern - 1989-
9 (RLIN) 4756
942 ## - ADDED ENTRY ELEMENTS (KOHA)
Source of classification or shelving scheme Library of Congress Classification
Item type Monograph ( Printed materials)
Holdings
Withdrawn status Lost status Source of classification or shelving scheme Damaged status Not for loan Home library Current library Date acquired Total Checkouts Full call number Barcode Date last seen Price effective from Koha item type
    Library of Congress Classification     ARRUPE LIBRARY ARRUPE LIBRARY 03/12/2013   CT120.J65 2010 464122710 28/03/2017 03/12/2013 Monograph ( Printed materials)

 

Arrupe Library. PO Box MP320 Mt Pleasant, Harare, Zimbabwe
263 242 745411|librarian@aju.ac.zw